[Event "corr FRA-71ch"]
[Site "?"]
[Date "2005.06.18"]
[Round "?"]
[White "Fister, Bernard"]
[Black "Scilien, Jean Christophe"]
[Result "1-0"]
[WhiteElo "2315"]
[BlackElo "2343"]
[PlyCount "53"]
[EventDate "2005.06.18"]
[EventType "corr"]
[EventCountry "FRA"]

1. e4 e5 2. Nf3 Nc6 3. d4 exd4 4. Nxd4 Bc5 5. Be3 Qf6 6. c3 Nge7 7. Bc4 b6 8.
O-O Bb7 9. f4 O-O 10. Qd2 Qg6 11. f5 Qd6 12. Qf2 Ne5 13. Nd2 Ng4 14. Qf4 Nxe3
15. Qxe3 Qf6 16. N2b3 d5 17. e5 Nxf5 18. Rxf5 Qxf5 19. Nxc5 Qc8 20. Nxb7 dxc4
21. Qf3 Rb8 22. Nf5 Qe6 23. Nd4 Qe8 24. Rf1 a6 25. a4 a5 26. h4 h6 27. Rf2 1-0

[Event "corr FRA-71ch"]
[Site "?"]
[Date "2005.06.18"]
[Round "?"]
[White "Fister, Bernard"]
[Black "Tombette, Philippe"]
[Result "0-1"]
[WhiteElo "2315"]
[BlackElo "2477"]
[PlyCount "80"]
[EventDate "2005.06.18"]
[EventType "corr"]
[EventCountry "FRA"]

1. e4 c5 2. Nf3 d6 3. d4 cxd4 4. Nxd4 Nf6 5. Nc3 Nc6 6. Bc4 e6 7. Be3 a6 8. Bb3
Be7 9. f4 O-O 10. O-O Nxd4 11. Bxd4 b5 12. a3 Bb7 13. f5 e5 14. Bf2 Nxe4 15.
Qf3 d5 16. Nxe4 dxe4 17. Qg4 Qc7 18. a4 Qc6 19. axb5 axb5 20. Kh1 Rxa1 21. Rxa1
h5 22. Qh3 Qh6 23. Bg1 Rd8 24. f6 Qxf6 25. Qxh5 Bc6 26. Qe2 Qh6 27. Rf1 Rd2 28.
Bxf7+ Kh7 29. Qg4 e3 30. Bxe3 Rxg2 31. Qf5+ g6 32. Bg8+ Kh8 33. Qxe5+ Qg7 34.
Qe6 Rxc2+ 35. Kg1 Rg2+ 36. Kh1 Bb7 37. Qh3+ Kxg8 38. Qe6+ Kh8 39. Qh3+ Qh7 40.
Rf7 Qxh3 0-1

[Event "corr FRA-71ch"]
[Site "?"]
[Date "2005.06.18"]
[Round "?"]
[White "Fister, Bernard"]
[Black "Wagner, Claude"]
[Result "1/2-1/2"]
[WhiteElo "2315"]
[BlackElo "2375"]
[PlyCount "82"]
[EventDate "2005.06.18"]
[EventType "corr"]
[EventCountry "FRA"]

1. e4 c5 2. Nf3 Nc6 3. d4 cxd4 4. Nxd4 Nf6 5. Nc3 e5 6. Ndb5 d6 7. Nd5 Nxd5 8.
exd5 Nb8 9. c4 Be7 10. Bd3 O-O 11. O-O a6 12. Nc3 f5 13. Bd2 Nd7 14. b4 e4 15.
Be2 Bf6 16. a3 Be5 17. Rb1 Qh4 18. g3 Qf6 19. Qc1 b6 20. Na4 Rb8 21. Kh1 b5 22.
cxb5 axb5 23. Nc3 Ba6 24. Qe1 Rfc8 25. Rc1 Nb6 26. Nxb5 Nxd5 27. Rxc8+ Bxc8 28.
f4 Bb2 29. Bc1 Bxc1 30. Qxc1 Bb7 31. Qa1 Qe6 32. Qd4 Qd7 33. Bc4 Kh8 34. Rd1 h6
35. Kg1 Ba8 36. Bxd5 Qxb5 37. Bc4 Qb7 38. Qe3 Qd7 39. Be2 d5 40. b5 Qc7 41. Qd4
Rc8 1/2-1/2

[Event "corr FRA-71ch"]
[Site "?"]
[Date "2005.06.18"]
[Round "?"]
[White "Guidici, Gilles"]
[Black "Barre, Jean Marie"]
[Result "0-1"]
[WhiteElo "2488"]
[BlackElo "2458"]
[PlyCount "86"]
[EventDate "2005.06.18"]
[EventType "corr"]
[EventCountry "FRA"]

1. e4 e5 2. Nc3 Nf6 3. g3 d5 4. exd5 Nxd5 5. Bg2 Nxc3 6. bxc3 Bd6 7. Nf3 O-O 8.
O-O f5 9. Re1 e4 10. Nd4 c5 11. Nb5 Be7 12. d3 a6 13. Na3 b5 14. dxe4 Qxd1 15.
Rxd1 Ra7 16. e5 Be6 17. f4 Rd7 18. Bf3 Rxd1+ 19. Bxd1 Nd7 20. Be2 c4 21. Nb1
Bc5+ 22. Kf1 Nb6 23. Bf3 Rd8 24. Ke2 Bd5 25. Bxd5+ Rxd5 26. Ba3 Bxa3 27. Nxa3
Na4 28. Nb1 g5 29. Nd2 Nxc3+ 30. Ke3 gxf4+ 31. gxf4 Rd8 32. Nf1 Kf7 33. Ng3
Nd5+ 34. Kf3 Ne7 35. Rg1 c3 36. Rg2 a5 37. a3 b4 38. axb4 axb4 39. Re2 Rd3+ 40.
Kf2 Rd4 41. Ke3 Rd1 42. Kf2 Ke6 43. Nh5 h6 0-1

[Event "corr FRA-71ch"]
[Site "?"]
[Date "2005.06.18"]
[Round "?"]
[White "Guidici, Gilles"]
[Black "Deneuville, Christian"]
[Result "1/2-1/2"]
[WhiteElo "2488"]
[BlackElo "2367"]
[PlyCount "65"]
[EventDate "2005.06.18"]
[EventType "corr"]
[EventCountry "FRA"]

1. e4 g6 2. d4 Bg7 3. Nc3 d6 4. Be3 c6 5. h3 Nf6 6. f4 Qb6 7. Qc1 O-O 8. Nf3
Nh5 9. Kf2 Qc7 10. g4 Nf6 11. Bd3 b5 12. a3 Nbd7 13. Qe1 Nb6 14. Kg2 a6 15. Qf2
Bb7 16. Rad1 Rae8 17. Rhe1 Nfd7 18. Ne2 c5 19. c3 Nc4 20. Bc1 cxd4 21. cxd4 e5
22. Ng3 exd4 23. Nxd4 Qc5 24. Bb1 h6 25. Kh2 Rd8 26. b4 Qb6 27. f5 Rde8 28. h4
Nde5 29. Kh3 Bc8 30. Qf4 Rd8 31. Kg2 Rfe8 32. g5 h5 33. Nc2 1/2-1/2

[Event "corr FRA-71ch"]
[Site "?"]
[Date "2005.06.18"]
[Round "?"]
[White "Guidici, Gilles"]
[Black "Fister, Bernard"]
[Result "1/2-1/2"]
[WhiteElo "2488"]
[BlackElo "2315"]
[PlyCount "74"]
[EventDate "2005.06.18"]
[EventType "corr"]
[EventCountry "FRA"]

1. e4 e6 2. d4 d5 3. Nd2 dxe4 4. Nxe4 Bd7 5. Nf3 Bc6 6. Bd3 Nd7 7. O-O Ngf6 8.
Neg5 Bd6 9. Re1 h6 10. Nh3 Bxf3 11. Qxf3 c6 12. Nf4 O-O 13. Nh5 Nxh5 14. Qxh5
Nf6 15. Qh3 Re8 16. Bd2 e5 17. g4 e4 18. Bf1 Qc8 19. Be2 c5 20. c3 cxd4 21.
cxd4 h5 22. Qh4 Be7 23. g5 Nh7 24. Bxh5 g6 25. Bd1 Qf5 26. Qxe4 Qxe4 27. Rxe4
Bxg5 28. Rxe8+ Rxe8 29. Bc3 Bf6 30. Bf3 b6 31. Kf1 Ng5 32. Bg2 Kg7 33. Rd1 Ne6
34. d5 Bxc3 35. bxc3 Nc5 36. h4 Kf6 37. d6 Rd8 1/2-1/2

[Event "corr FRA-71ch"]
[Site "?"]
[Date "2005.06.18"]
[Round "?"]
[White "Guidici, Gilles"]
[Black "Sage, Francois"]
[Result "1/2-1/2"]
[WhiteElo "2488"]
[BlackElo "2604"]
[PlyCount "35"]
[EventDate "2005.06.18"]
[EventType "corr"]
[EventCountry "FRA"]

1. e4 e5 2. Nc3 Nf6 3. g3 d5 4. exd5 Nxd5 5. Bg2 Nxc3 6. bxc3 Bd6 7. Nf3 O-O 8.
O-O Nc6 9. Rb1 Rb8 10. d4 Re8 11. Ng5 Bf5 12. Rxb7 Rxb7 13. Bxc6 Rb1 14. Bxe8
Qxe8 15. dxe5 Qxe5 16. Re1 Qb5 17. Nf3 Be6 18. Nd4 1/2-1/2

[Event "corr FRA-71ch"]
[Site "?"]
[Date "2005.06.18"]
[Round "?"]
[White "Guidici, Gilles"]
[Black "Thirion, Patrick"]
[Result "1/2-1/2"]
[WhiteElo "2488"]
[BlackElo "2446"]
[PlyCount "38"]
[EventDate "2005.06.18"]
[EventType "corr"]
[EventCountry "FRA"]

1. e4 e6 2. d4 d5 3. Nd2 Nf6 4. e5 Nfd7 5. f4 c5 6. c3 Nc6 7. Ndf3 Qb6 8. h4
cxd4 9. cxd4 Bb4+ 10. Kf2 f6 11. Kg3 O-O 12. Nh3 fxe5 13. dxe5 Nc5 14. Kh2 Ne4
15. Bd3 Ne7 16. g4 Bd7 17. Qe2 Bc5 18. h5 h6 19. a3 a5 1/2-1/2

[Event "corr FRA-71ch"]
[Site "?"]
[Date "2005.06.18"]
[Round "?"]
[White "Guidici, Gilles"]
[Black "Yvinec, Jean Marc"]
[Result "1/2-1/2"]
[WhiteElo "2488"]
[BlackElo "2275"]
[PlyCount "60"]
[EventDate "2005.06.18"]
[EventType "corr"]
[EventCountry "FRA"]

1. e4 Nc6 2. Nc3 e6 3. d4 Bb4 4. Nge2 d6 5. a3 Bxc3+ 6. Nxc3 Nge7 7. Be3 O-O 8.
f4 f5 9. d5 Nb8 10. Bc4 fxe4 11. dxe6 c6 12. g4 d5 13. Ba2 Bxe6 14. Nxe4 Re8
15. Ng5 Ng6 16. O-O Kh8 17. f5 Bg8 18. fxg6 Rxe3 19. gxh7 Be6 20. Nxe6 Rxe6 21.
c4 d4 22. c5 Re3 23. Rf5 Na6 24. Qa4 Nc7 25. Raf1 Ne6 26. Bxe6 Rxe6 27. Qc4 Re3
28. R1f3 Rxf3 29. Rxf3 Qd7 30. h3 Rd8 1/2-1/2

[Event "corr FRA-71ch"]
[Site "?"]
[Date "2005.06.18"]
[Round "?"]
[White "Mailfert, Jean Pierre"]
[Black "Alozy, Francis"]
[Result "1-0"]
[WhiteElo "2450"]
[BlackElo "2183"]
[PlyCount "43"]
[EventDate "2005.06.18"]
[EventType "corr"]
[EventCountry "FRA"]

1. Nc3 d5 2. e4 d4 3. Nce2 e5 4. Ng3 Nf6 5. Nf3 Bd6 6. Bc4 Bd7 7. d3 O-O 8. O-O
b5 9. Bb3 Nc6 10. Bg5 h6 11. Bh4 g5 12. Nxg5 hxg5 13. Bxg5 Be7 14. f4 a5 15.
fxe5 Ng4 16. e6 Bxg5 17. Qxg4 Bxe6 18. Bxe6 Ne5 19. Qf5 Be3+ 20. Kh1 Qg5 21.
Qxg5+ Bxg5 22. Rf5 1-0

[Event "corr FRA-71ch"]
[Site "?"]
[Date "2005.06.18"]
[Round "?"]
[White "Mailfert, Jean Pierre"]
[Black "Chastanet, Gerard"]
[Result "1/2-1/2"]
[WhiteElo "2450"]
[BlackElo "2290"]
[PlyCount "73"]
[EventDate "2005.06.18"]
[EventType "corr"]
[EventCountry "FRA"]

1. Nc3 c5 2. Nf3 Nc6 3. d4 cxd4 4. Nxd4 Nf6 5. Bg5 e6 6. Ndb5 d5 7. e4 d4 8. e5
Nxe5 9. Bf4 Ng6 10. Nc7+ Ke7 11. Bg3 dxc3 12. Qxd8+ Kxd8 13. O-O-O+ Bd7 14.
Nxa8 Kc8 15. Nc7 a6 16. a4 Bc5 17. a5 Bc6 18. f3 h5 19. h4 Bb4 20. Nxa6 bxa6
21. Bxa6+ Bb7 22. Rd4 cxb2+ 23. Kxb2 Bxa6 24. Rxb4 Nd5 25. Rb3 Kd7 26. c4 Bxc4
27. Rb7+ Kc6 28. Rxf7 e5 29. Rxg7 Rb8+ 30. Ka1 Ngf4 31. Bxf4 Nxf4 32. Rc1 Rb4
33. Rc2 Nd3 34. Rg8 Nc5 35. Rc8+ Kb5 36. Rb2 Nb3+ 37. Kb1 1/2-1/2

[Event "corr FRA-71ch"]
[Site "?"]
[Date "2005.06.18"]
[Round "?"]
[White "Mailfert, Jean Pierre"]
[Black "Thirion, Patrick"]
[Result "0-1"]
[WhiteElo "2450"]
[BlackElo "2446"]
[PlyCount "46"]
[EventDate "2005.06.18"]
[EventType "corr"]
[EventCountry "FRA"]

1. Nc3 d5 2. e4 e6 3. Nf3 Nf6 4. e5 Nfd7 5. d4 c5 6. Bb5 Nc6 7. O-O cxd4 8.
Nxd4 Ndxe5 9. Re1 Bd6 10. Nxd5 O-O 11. Bxc6 Nxc6 12. Nxc6 bxc6 13. Nc3 Qc7 14.
Qh5 f5 15. b3 e5 16. Bg5 Ba6 17. Rad1 e4 18. Nb1 Rae8 19. c4 Re6 20. Re2 Bc8
21. Nd2 Bb4 22. Qh4 h6 23. Bf4 Qf7 0-1

[Event "corr FRA-71ch"]
[Site "?"]
[Date "2005.06.18"]
[Round "?"]
[White "Mailfert, Jean Pierre"]
[Black "Tombette, Philippe"]
[Result "1-0"]
[WhiteElo "2450"]
[BlackElo "2477"]
[PlyCount "112"]
[EventDate "2005.06.18"]
[EventType "corr"]
[EventCountry "FRA"]

1. Nc3 c5 2. Nf3 Nf6 3. d4 cxd4 4. Nxd4 d5 5. Bg5 Nbd7 6. e4 dxe4 7. Be2 a6 8.
O-O Qc7 9. Qd2 e6 10. Rad1 Be7 11. Qe3 h6 12. Bxf6 Nxf6 13. Nxe4 O-O 14. Nxf6+
Bxf6 15. Qe4 Bd7 16. Bd3 g6 17. c3 Bg7 18. Rfe1 e5 19. Nc2 Be6 20. Qb4 f5 21.
Ne3 e4 22. Bc2 Rad8 23. Bb3 Bxb3 24. Qxb3+ Kh7 25. Nd5 Qb8 26. c4 Be5 27. h4
Rf7 28. c5 Rg7 29. Kf1 Qc8 30. f4 Bc7 31. Qc3 Rf8 32. Nf6+ Kh8 33. g3 Qe6 34.
Nd5 Bd8 35. Re2 Kg8 36. Red2 Qc6 37. Qc4 Kh7 38. b4 Be7 39. Kg1 Rff7 40. a3 Qa4
41. Qc3 Bd8 42. Kg2 Rf8 43. Qb2 Qc6 44. Qc2 Bc7 45. Qc4 Rff7 46. Qb3 Bd8 47. a4
Qe6 48. Qc4 Rf8 49. b5 axb5 50. axb5 g5 51. hxg5 hxg5 52. Rh1+ Kg8 53. Nf6+
Rxf6 54. Rxd8+ Kf7 55. Qe2 g4 56. Rh5 e3 1-0

[Event "corr FRA-71ch"]
[Site "?"]
[Date "2005.06.18"]
[Round "?"]
[White "Sage, Francois"]
[Black "Fister, Bernard"]
[Result "1-0"]
[WhiteElo "2604"]
[BlackElo "2315"]
[PlyCount "49"]
[EventDate "2005.06.18"]
[EventType "corr"]
[EventCountry "FRA"]

1. d4 Nf6 2. c4 e5 3. dxe5 Ng4 4. Bf4 Bb4+ 5. Nd2 d6 6. exd6 Qf6 7. Nh3 Nxf2 8.
Kxf2 Bxh3 9. g3 Bc5+ 10. e3 Bf5 11. dxc7 Nd7 12. h4 Qxb2 13. Kg1 Qb6 14. Qb3
Bb4 15. c5 Nxc5 16. Qb2 Bxd2 17. Qxg7 Rf8 18. Rd1 Ne4 19. Qe5+ Qe6 20. Qb5+ Ke7
21. Rh2 Bc3 22. Bc4 Qg6 23. h5 Qf6 24. g4 a6 25. Qxb7 1-0

[Event "corr FRA-71ch"]
[Site "?"]
[Date "2005.06.18"]
[Round "?"]
[White "Sage, Francois"]
[Black "Mailfert, Jean Pierre"]
[Result "1/2-1/2"]
[WhiteElo "2604"]
[BlackElo "2450"]
[PlyCount "87"]
[EventDate "2005.06.18"]
[EventType "corr"]
[EventCountry "FRA"]

1. d4 d5 2. c4 c6 3. Nc3 Nf6 4. e3 g6 5. Nf3 Bg7 6. Be2 O-O 7. O-O Bg4 8. cxd5
cxd5 9. Qb3 b6 10. h3 Bxf3 11. Bxf3 e6 12. Bd2 Nc6 13. Be2 a6 14. Rfc1 Na5 15.
Qb4 Nc6 16. Qb3 Na5 17. Qc2 Nc4 18. Be1 Qb8 19. b3 Nd6 20. Na4 Rc8 21. Qd3 Nd7
22. Bb4 Ne4 23. Nc3 Ndf6 24. a4 a5 25. Ba3 Qb7 26. Nb5 Qd7 27. Qd1 Bf8 28. Bxf8
Kxf8 29. Qe1 Qe7 30. Bd3 Nd6 31. Nc3 Kg7 32. Qd1 e5 33. Ra2 exd4 34. exd4 Nde4
35. Nb5 Qb4 36. Rac2 Rxc2 37. Qxc2 Re8 38. f3 Nd2 39. Qc3 Nxb3 40. Qxb4 axb4
41. Rb1 Na5 42. Rxb4 Nc6 43. Rb1 Ra8 44. Bc2 1/2-1/2

[Event "corr FRA-71ch"]
[Site "?"]
[Date "2005.06.18"]
[Round "?"]
[White "Sage, Francois"]
[Black "Scilien, Jean Christophe"]
[Result "1-0"]
[WhiteElo "2604"]
[BlackElo "2343"]
[PlyCount "67"]
[EventDate "2005.06.18"]
[EventType "corr"]
[EventCountry "FRA"]

1. d4 d5 2. c4 e6 3. Nc3 Nf6 4. cxd5 exd5 5. Bg5 c6 6. Qc2 Be7 7. e3 Nbd7 8.
Bd3 Nf8 9. Nge2 Ne6 10. Bh4 g6 11. f3 O-O 12. Rd1 b6 13. O-O Bb7 14. Qc1 Rc8
15. e4 dxe4 16. fxe4 Nxd4 17. e5 Nd7 18. Bxe7 Nxe2+ 19. Bxe2 Qxe7 20. Ne4 Nxe5
21. Nf6+ Kg7 22. Rd4 Rh8 23. Re4 c5 24. Re3 Qd6 25. Qc3 Rce8 26. Ng4 Qd4 27.
Qxd4 cxd4 28. Rxe5 f5 29. Bb5 Rxe5 30. Nxe5 Rc8 31. Re1 Be4 32. Nc4 h5 33. g3
Kf6 34. Nd6 1-0

[Event "corr FRA-71ch"]
[Site "?"]
[Date "2005.06.18"]
[Round "?"]
[White "Sage, Francois"]
[Black "Tombette, Philippe"]
[Result "1/2-1/2"]
[WhiteElo "2604"]
[BlackElo "2477"]
[PlyCount "38"]
[EventDate "2005.06.18"]
[EventType "corr"]
[EventCountry "FRA"]

1. d4 Nf6 2. c4 g6 3. Nf3 Bg7 4. g3 d5 5. cxd5 Nxd5 6. Bg2 Nb6 7. O-O Nc6 8. e3
O-O 9. Nc3 Re8 10. d5 Na5 11. Nd4 Bd7 12. e4 c6 13. dxc6 Nxc6 14. Nxc6 Bxc6 15.
Qb3 Qd3 16. Be3 Qc4 17. Rfd1 Rad8 18. Rxd8 Rxd8 19. Rd1 Rxd1+ 1/2-1/2

[Event "corr FRA-71ch"]
[Site "?"]
[Date "2005.06.18"]
[Round "?"]
[White "Sage, Francois"]
[Black "Wagner, Claude"]
[Result "1/2-1/2"]
[WhiteElo "2604"]
[BlackElo "2375"]
[PlyCount "56"]
[EventDate "2005.06.18"]
[EventType "corr"]
[EventCountry "FRA"]

1. d4 d5 2. c4 c6 3. Nc3 Nf6 4. e3 e6 5. Nf3 Nbd7 6. Bd3 dxc4 7. Bxc4 b5 8. Bd3
Bb7 9. e4 b4 10. Na4 c5 11. e5 Nd5 12. O-O cxd4 13. Re1 g6 14. Bg5 Qa5 15. Nxd4
a6 16. a3 bxa3 17. bxa3 Bg7 18. Rb1 Rb8 19. Bd2 Qd8 20. Rxb7 Rxb7 21. Bxa6 Rc7
22. Ba5 O-O 23. Bc4 Nxe5 24. Bxd5 exd5 25. Nc3 Nc4 26. Bxc7 Qxc7 27. Nxd5 Qc5
28. Nc6 Nxa3 1/2-1/2

[Event "corr FRA-71ch"]
[Site "?"]
[Date "2005.06.18"]
[Round "?"]
[White "Sage, Francois"]
[Black "Yvinec, Jean Marc"]
[Result "1-0"]
[WhiteElo "2604"]
[BlackElo "2275"]
[PlyCount "53"]
[EventDate "2005.06.18"]
[EventType "corr"]
[EventCountry "FRA"]

1. d4 d6 2. Nf3 Bg4 3. c4 Nd7 4. Nc3 Bxf3 5. gxf3 g6 6. e4 Bg7 7. Be3 e6 8. Qb3
Rb8 9. h4 Ne7 10. h5 c5 11. O-O-O cxd4 12. Bxd4 Bxd4 13. Rxd4 Nc8 14. Nb5 Qg5+
15. Kb1 Ke7 16. hxg6 a6 17. Nc3 fxg6 18. Bh3 Nc5 19. Qd1 b5 20. e5 Qxe5 21.
cxb5 a5 22. Re1 Qh2 23. Bxe6 Nxe6 24. Rde4 Kd8 25. Rxe6 Qf4 26. R1e4 Qf8 27.
Qa4 1-0

[Event "corr FRA-71ch"]
[Site "?"]
[Date "2005.06.18"]
[Round "?"]
[White "Scilien, Jean Christophe"]
[Black "Chastanet, Gerard"]
[Result "1/2-1/2"]
[WhiteElo "2343"]
[BlackElo "2290"]
[PlyCount "49"]
[EventDate "2005.06.18"]
[EventType "corr"]
[EventCountry "FRA"]

1. e4 c6 2. d4 d5 3. exd5 cxd5 4. c4 Nf6 5. Nc3 e6 6. Nf3 Be7 7. Bd3 dxc4 8.
Bxc4 O-O 9. O-O Nc6 10. a3 b6 11. Qd3 Bd7 12. Re1 Rc8 13. Ba6 Ra8 14. Bf4 Bc8
15. Bc4 Bb7 16. d5 exd5 17. Nxd5 Nxd5 18. Bxd5 Na5 19. Re5 Nc6 20. Rg5 Bf6 21.
Rd1 Qd7 22. Qxh7+ Kxh7 23. Be4+ Kg8 24. Rxd7 Bxg5 25. Bxg5 1/2-1/2

[Event "corr FRA-71ch"]
[Site "?"]
[Date "2005.06.18"]
[Round "?"]
[White "Scilien, Jean Christophe"]
[Black "Guidici, Gilles"]
[Result "0-1"]
[WhiteElo "2343"]
[BlackElo "2488"]
[PlyCount "62"]
[EventDate "2005.06.18"]
[EventType "corr"]
[EventCountry "FRA"]

1. Nc3 d5 2. e4 c6 3. f4 dxe4 4. Nxe4 Nf6 5. Nf2 c5 6. Nf3 Nc6 7. b3 g6 8. Bb2
Bg7 9. Bc4 O-O 10. O-O a6 11. Ne5 Qc7 12. Qf3 Bd7 13. Rae1 e6 14. Ne4 Nxe4 15.
Qxe4 b5 16. Bd3 Rfd8 17. Qe3 c4 18. Be4 Rab8 19. Rf2 Be8 20. Nxc6 Bxc6 21. Be5
Bxe5 22. fxe5 Bxe4 23. Qxe4 cxb3 24. axb3 a5 25. d4 a4 26. Qe3 Rd7 27. Rc1 Qc6
28. c3 Qd5 29. bxa4 bxa4 30. Ra1 Rb3 31. h4 a3 0-1

[Event "corr FRA-71ch"]
[Site "?"]
[Date "2005.06.18"]
[Round "?"]
[White "Scilien, Jean Christophe"]
[Black "Tombette, Philippe"]
[Result "0-1"]
[WhiteElo "2343"]
[BlackElo "2477"]
[PlyCount "92"]
[EventDate "2005.06.18"]
[EventType "corr"]
[EventCountry "FRA"]

1. e4 c5 2. Nf3 d6 3. d4 cxd4 4. Nxd4 Nf6 5. f3 e5 6. Bb5+ Nbd7 7. Nf5 d5 8.
exd5 a6 9. Ba4 b5 10. Bb3 Nc5 11. Ne3 Nxb3 12. axb3 Bc5 13. Nc3 Bb7 14. Qd3
Bxe3 15. Bxe3 Nxd5 16. O-O-O Nxe3 17. Qxe3 Qe7 18. Nd5 Bxd5 19. Rxd5 O-O 20.
Rhd1 f6 21. Rd7 Qe8 22. R1d6 Rf7 23. Rxf7 Qxf7 24. Qe4 Qf8 25. Rd7 Kh8 26. Qb7
Rb8 27. Qxa6 Qb4 28. Kd1 Rg8 29. Rd2 Qc5 30. c3 Qg1+ 31. Kc2 b4 32. h3 f5 33.
c4 e4 34. Qd6 Qe1 35. Rd1 Qf2+ 36. Qd2 Qg3 37. Qe2 e3 38. Qxe3 Qxg2+ 39. Kb1
Qxh3 40. c5 Qg3 41. c6 h6 42. Qd3 Kh7 43. Qxf5+ Qg6 44. Qc2 Re8 45. c7 Rc8 46.
Rd7 h5 0-1

[Event "corr FRA-71ch"]
[Site "?"]
[Date "2005.06.18"]
[Round "?"]
[White "Scilien, Jean Christophe"]
[Black "Wagner, Claude"]
[Result "0-1"]
[WhiteElo "2343"]
[BlackElo "2375"]
[PlyCount "54"]
[EventDate "2005.06.18"]
[EventType "corr"]
[EventCountry "FRA"]

1. e4 c5 2. c3 Nf6 3. e5 Nd5 4. Nf3 Nc6 5. Bc4 Nb6 6. Bb3 d5 7. exd6 c4 8. Bc2
Qxd6 9. O-O Bg4 10. Re1 Ne5 11. Rxe5 Bxf3 12. Qe1 Bd5 13. b3 e6 14. Ba3 Qc6 15.
Rg5 Qc7 16. Bxf8 Kxf8 17. Qe3 h6 18. Rg3 f5 19. Rh3 Qe7 20. Qe1 Rc8 21. bxc4
Nxc4 22. d3 Nb6 23. c4 Bc6 24. Nd2 Kf7 25. Qe2 Rhe8 26. Re1 Qf6 27. Nf3 Nd7 0-1

[Event "corr FRA-71ch"]
[Site "?"]
[Date "2005.06.18"]
[Round "?"]
[White "Thirion, Patrick"]
[Black "Barre, Jean Marie"]
[Result "1/2-1/2"]
[WhiteElo "2446"]
[BlackElo "2458"]
[PlyCount "33"]
[EventDate "2005.06.18"]
[EventType "corr"]
[EventCountry "FRA"]

1. e4 e5 2. Nf3 Nc6 3. d4 exd4 4. Nxd4 Bc5 5. Nxc6 Qf6 6. Qd2 dxc6 7. Nc3 Be6
8. Na4 Rd8 9. Bd3 Bd6 10. Qe3 Bb4+ 11. c3 Be7 12. O-O Qh4 13. Be2 b6 14. f4 Nf6
15. f5 Bd7 16. Rf4 Qe1+ 17. Rf1 1/2-1/2

[Event "corr FRA-71ch"]
[Site "?"]
[Date "2005.06.18"]
[Round "?"]
[White "Thirion, Patrick"]
[Black "Fister, Bernard"]
[Result "1-0"]
[WhiteElo "2446"]
[BlackElo "2315"]
[PlyCount "73"]
[EventDate "2005.06.18"]
[EventType "corr"]
[EventCountry "FRA"]

1. e4 e6 2. d4 d5 3. e5 c5 4. c3 Qb6 5. Nf3 Nc6 6. a3 c4 7. Nbd2 Bd7 8. b3 cxb3
9. Nxb3 Na5 10. Nxa5 Qxa5 11. Bd2 Ne7 12. Bd3 Qa4 13. Qb1 b6 14. O-O Rc8 15.
Bc2 Qb5 16. Qd1 Nf5 17. a4 Qa6 18. Qb1 Be7 19. Bd3 Qb7 20. a5 b5 21. a6 Qc6 22.
g4 Nh6 23. h3 Bd8 24. Ng5 Rb8 25. Nxh7 Ng8 26. f4 b4 27. f5 Qb6 28. fxe6 Bxe6
29. Kg2 b3 30. Ng5 Bxg5 31. Bxg5 Ne7 32. Qb2 Nc6 33. Rfb1 Kf8 34. Qa3+ Kg8 35.
Qd6 g6 36. Bf6 Rh6 37. Ra3 1-0

[Event "corr FRA-71ch"]
[Site "?"]
[Date "2005.06.18"]
[Round "?"]
[White "Thirion, Patrick"]
[Black "Sage, Francois"]
[Result "1/2-1/2"]
[WhiteElo "2446"]
[BlackElo "2604"]
[PlyCount "37"]
[EventDate "2005.06.18"]
[EventType "corr"]
[EventCountry "FRA"]

1. e4 e5 2. Nf3 Nf6 3. Nxe5 d6 4. Nf3 Nxe4 5. d4 d5 6. Bd3 Bd6 7. O-O O-O 8.
Re1 Bf5 9. c4 c6 10. Qb3 Na6 11. cxd5 cxd5 12. Nc3 Be6 13. a3 Nc7 14. Qxb7 Rb8
15. Qxa7 Ra8 16. Qb6 Rb8 17. Qa5 Ra8 18. Qb6 Rb8 19. Qa5 1/2-1/2

[Event "corr FRA-71ch"]
[Site "?"]
[Date "2005.06.18"]
[Round "?"]
[White "Thirion, Patrick"]
[Black "Scilien, Jean Christophe"]
[Result "1-0"]
[WhiteElo "2446"]
[BlackElo "2343"]
[PlyCount "61"]
[EventDate "2005.06.18"]
[EventType "corr"]
[EventCountry "FRA"]

1. e4 e5 2. Nf3 Nc6 3. d4 exd4 4. Nxd4 Bc5 5. Nb3 Bb6 6. Nc3 Nf6 7. Bg5 h6 8.
Bh4 d6 9. Bd3 O-O 10. O-O Re8 11. Kh1 Be6 12. f4 Nb4 13. e5 dxe5 14. fxe5 Nxd3
15. cxd3 Bxb3 16. axb3 Rxe5 17. Ne4 Re6 18. Bxf6 gxf6 19. Qh5 Qe7 20. Rf5 Bd4
21. Qxh6 Qf8 22. Qh3 Qg7 23. Rf4 f5 24. Qxf5 Rg6 25. Raf1 Be5 26. Rh4 Re8 27.
g4 Ree6 28. g5 Qf8 29. Qh3 b6 30. Rf6 Qg7 31. Rxg6 1-0

[Event "corr FRA-71ch"]
[Site "?"]
[Date "2005.06.18"]
[Round "?"]
[White "Thirion, Patrick"]
[Black "Wagner, Claude"]
[Result "1-0"]
[WhiteElo "2446"]
[BlackElo "2375"]
[PlyCount "49"]
[EventDate "2005.06.18"]
[EventType "corr"]
[EventCountry "FRA"]

1. e4 c5 2. Nf3 Nc6 3. Bb5 g6 4. Bxc6 dxc6 5. d3 Bg7 6. h3 Nf6 7. Nc3 Nd7 8.
Be3 e5 9. Qd2 h6 10. O-O Qe7 11. Nh2 Nf8 12. f4 exf4 13. Bxf4 Ne6 14. Bg3 Nd4
15. e5 Bf5 16. Rae1 O-O-O 17. Ne4 Bxe4 18. Rxe4 Rhe8 19. Qa5 a6 20. Nf3 Nxc2
21. Nd2 Rxd3 22. Nc4 Rf8 23. Rf3 Rd4 24. Nb6+ Kb8 25. Rxf7 1-0

[Event "corr FRA-71ch"]
[Site "?"]
[Date "2005.06.18"]
[Round "?"]
[White "Thirion, Patrick"]
[Black "Yvinec, Jean Marc"]
[Result "1/2-1/2"]
[WhiteElo "2446"]
[BlackElo "2275"]
[PlyCount "64"]
[EventDate "2005.06.18"]
[EventType "corr"]
[EventCountry "FRA"]

1. d4 d6 2. c4 e5 3. Nf3 e4 4. Nfd2 f5 5. e3 Nf6 6. Nc3 c5 7. Nb3 Be7 8. Be2
Nc6 9. f3 O-O 10. O-O b6 11. fxe4 Nxe4 12. Bf3 Nxc3 13. bxc3 Bd7 14. Bd5+ Kh8
15. Bd2 Rc8 16. Nc1 Bf6 17. Nd3 Ne7 18. Bb7 Rc7 19. Bf3 cxd4 20. exd4 Rxc4 21.
Qb3 Rc7 22. Nf4 g5 23. Ne6 Bxe6 24. Qxe6 d5 25. Rae1 Qd7 26. Qxd7 Rxd7 27. Be2
h6 28. Bd3 f4 29. h4 Kg7 30. hxg5 Bxg5 31. Re6 Rc7 32. Re5 Rf6 1/2-1/2

[Event "corr FRA-71ch"]
[Site "?"]
[Date "2005.06.18"]
[Round "?"]
[White "Tombette, Philippe"]
[Black "Alozy, Francis"]
[Result "1-0"]
[WhiteElo "2477"]
[BlackElo "2183"]
[PlyCount "35"]
[EventDate "2005.06.18"]
[EventType "corr"]
[EventCountry "FRA"]

1. d4 Nf6 2. c4 e5 3. dxe5 Ng4 4. Nf3 Bc5 5. e3 Nc6 6. Be2 Ncxe5 7. Nc3 O-O 8.
Nxe5 Nxe5 9. O-O d6 10. Na4 Re8 11. Bd2 Be6 12. b4 Bb6 13. c5 dxc5 14. bxc5 Bd7
15. Nxb6 cxb6 16. cxb6 Qxb6 17. f4 Qc7 18. fxe5 1-0

[Event "corr FRA-71ch"]
[Site "?"]
[Date "2005.06.18"]
[Round "?"]
[White "Tombette, Philippe"]
[Black "Barre, Jean Marie"]
[Result "1/2-1/2"]
[WhiteElo "2477"]
[BlackElo "2458"]
[PlyCount "99"]
[EventDate "2005.06.18"]
[EventType "corr"]
[EventCountry "FRA"]

1. d4 Nf6 2. c4 e6 3. Nf3 d5 4. Bg5 dxc4 5. Qa4+ Nbd7 6. e4 c6 7. Qxc4 h6 8.
Bxf6 Qxf6 9. e5 Qg6 10. Nbd2 Nb6 11. Qd3 Qxd3 12. Bxd3 Nd5 13. Rc1 Be7 14. g3
a5 15. a3 a4 16. O-O O-O 17. Rc2 Rd8 18. Rfc1 f5 19. exf6 gxf6 20. Re1 Kf7 21.
Ne4 Nb6 22. Bf1 Ra5 23. Bh3 Na8 24. Rce2 Nc7 25. Nc3 b6 26. Re4 b5 27. Rf4 Kg7
28. Na2 Ra8 29. Bg2 Nd5 30. Rfe4 Rb8 31. Bh3 f5 32. R4e2 Bf6 33. Rc1 b4 34.
Nxb4 Nxb4 35. axb4 Bxd4 36. Nxd4 Rxd4 37. Bg2 Kf6 38. Bxc6 Rbxb4 39. f4 Ba6 40.
Rf2 Bc4 41. Bf3 Rd7 42. Rcc2 Rd8 43. Rcd2 Rdb8 44. Rd4 Bd5 45. Rxb4 Rxb4 46.
Bh5 Rd4 47. Kf1 e5 48. fxe5+ Kxe5 49. Be8 Kf6 50. Ke1 1/2-1/2